000 00330nam a22001337a 4500
999 _c161270
_d161270
020 _a
082 _a
_b
100 _aPushpita Awasthi
245 _aAadhunik hindi kavyalochana ke sau barsh/
_cby Pushpita Awasthi.
260 _aNew Delhi:
_bRadhakrishan Prakashan,
_c2009.
300 _a239p.
650 _a
942 _cBK